| 000 -LEADER |
| fixed length control field |
01377cam a2200349 a 4500 |
| 001 - CONTROL NUMBER |
| control field |
15050015 |
| 003 - CONTROL NUMBER IDENTIFIER |
| control field |
OSt |
| 005 - DATE AND TIME OF LATEST TRANSACTION |
| control field |
20140116120834.0 |
| 008 - FIXED-LENGTH DATA ELEMENTS--GENERAL INFORMATION |
| fixed length control field |
071018s2009 caua 000 0 eng |
| 020 ## - INTERNATIONAL STANDARD BOOK NUMBER |
| International Standard Book Number |
978049580955 |
| 040 ## - CATALOGING SOURCE |
| Transcribing agency |
DLC |
| 050 00 - LIBRARY OF CONGRESS CALL NUMBER |
| Classification number |
PE1441.W56 2009 |
| 100 1# - MAIN ENTRY--PERSONAL NAME |
| Personal name |
Wingersky, Joy. |
| 245 10 - TITLE STATEMENT |
| Title |
Writing paragraphs and essays : integrating reading, writing, and grammar skills / |
| Statement of responsibility, etc |
Joy Wingersky, Jan Boerner and Diana Holguin-Balogh. |
| 250 ## - EDITION STATEMENT |
| Edition statement |
6th ed. |
| 260 ## - PUBLICATION, DISTRIBUTION, ETC. (IMPRINT) |
| Place of publication, distribution, etc |
Australia : |
| Name of publisher, distributor, etc |
Wadsworth Cengage Learning, |
| Date of publication, distribution, etc |
2009. |
| 300 ## - PHYSICAL DESCRIPTION |
| Extent |
xxviii, 516 p. : |
| Other physical details |
ill. |
| 500 ## - GENERAL NOTE |
| General note |
Includes index |
| 650 #0 - SUBJECT ADDED ENTRY--TOPICAL TERM |
| Topical term or geographic name as entry element |
English language |
| General subdivision |
Paragraphs. |
| 650 #0 - SUBJECT ADDED ENTRY--TOPICAL TERM |
| Topical term or geographic name as entry element |
English language |
| General subdivision |
Rhetoric. |
| 650 #0 - SUBJECT ADDED ENTRY--TOPICAL TERM |
| Topical term or geographic name as entry element |
English language |
| General subdivision |
Grammar |
| Form subdivision |
Problems, exercises, etc. |
| 650 #0 - SUBJECT ADDED ENTRY--TOPICAL TERM |
| Topical term or geographic name as entry element |
Report writing. |
| 650 #0 - SUBJECT ADDED ENTRY--TOPICAL TERM |
| Topical term or geographic name as entry element |
College readers. |
| 700 1# - ADDED ENTRY--PERSONAL NAME |
| Personal name |
Boerner, Jan. |
| 700 1# - ADDED ENTRY--PERSONAL NAME |
| Personal name |
Holguin-Balogh, Diana. |
| 856 42 - ELECTRONIC LOCATION AND ACCESS |
| Materials specified |
Contributor biographical information |
| Uniform Resource Identifier |
<a href="http://www.loc.gov/catdir/enhancements/fy1104/2007939812-b.html">http://www.loc.gov/catdir/enhancements/fy1104/2007939812-b.html</a> |
| 856 42 - ELECTRONIC LOCATION AND ACCESS |
| Materials specified |
Publisher description |
| Uniform Resource Identifier |
<a href="http://www.loc.gov/catdir/enhancements/fy1104/2007939812-d.html">http://www.loc.gov/catdir/enhancements/fy1104/2007939812-d.html</a> |
| 856 41 - ELECTRONIC LOCATION AND ACCESS |
| Materials specified |
Table of contents only |
| Uniform Resource Identifier |
<a href="http://www.loc.gov/catdir/enhancements/fy1104/2007939812-t.html">http://www.loc.gov/catdir/enhancements/fy1104/2007939812-t.html</a> |
| 906 ## - LOCAL DATA ELEMENT F, LDF (RLIN) |
| a |
7 |
| b |
cbc |
| c |
orignew |
| d |
2 |
| e |
epcn |
| f |
20 |
| g |
y-gencatlg |
| 942 ## - ADDED ENTRY ELEMENTS (KOHA) |
| Source of classification or shelving scheme |
|
| Koha item type |
Book |